[Event "45th Capablanca Mem Open"]
[Site "Havana CUB"]
[Date "2010.06.20"]
[Round "10"]
[White "Guerra Mojena,L"]
[Black "Fernandez Garcia,JoseL1"]
[Result "1/2-1/2"]
[WhiteElo "2254"]
[BlackElo "2430"]
[EventDate "2010.06.10"]

1. e4 e5 2. Nf3 Nc6 3. Bc4 Nf6 4. d3 Be7 5. O-O O-O 6. Re1 d6 7. a4 Kh8 8.
h3 Ng8 9. Nc3 f5 10. Nd5 fxe4 11. dxe4 Be6 12. c3 Qd7 13. b4 Nd8 14. Bf1
Nf6 15. Nxe7 Qxe7 16. g3 Qd7 17. Kh2 Nf7 18. Bg2 Rad8 19. Ng5 Bc4 20. Nxf7+
Qxf7 21. f4 exf4 22. Bxf4 Nh5 1/2-1/2

[Event "45th Capablanca Mem Open"]
[Site "Havana CUB"]
[Date "2010.06.20"]
[Round "10"]
[White "Gongora Reyes,M"]
[Black "Ordaz Valdes,L"]
[Result "0-1"]
[WhiteElo "2471"]
[BlackElo "2307"]
[EventDate "2010.06.10"]

1. c4 e5 2. Nc3 d6 3. g3 g6 4. Bg2 Bg7 5. Nf3 c5 6. d3 Ne7 7. Rb1 Nbc6 8.
a3 a5 9. Nd2 O-O 10. Nf1 Rb8 11. Ne3 Nd4 12. Ned5 Nxd5 13. Nxd5 Bg4 14. f3
Be6 15. e3 Nc6 16. O-O b5 17. Bd2 Ne7 18. Bxa5 Qd7 19. Nxe7+ Qxe7 20. cxb5
Qa7 21. Bc3 Rxb5 22. e4 d5 23. exd5 c4+ 24. Kh1 Rxd5 25. Qe1 cxd3 26. Qd2
h5 27. Rbd1 Rfd8 28. Rfe1 Kh7 29. f4 exf4 30. Bxg7 Kxg7 31. gxf4 Rd4 32.
Rc1 h4 33. h3 Qd7 34. Kh2 Bd5 35. Re5 Bxg2 36. Kxg2 Qb7+ 37. Kf2 Qb6 38.
Kf3 Qb7+ 39. Kf2 R8d5 40. Rxd5 Qxd5 41. Kg1 Re4 42. Re1 Rxe1+ 43. Qxe1 d2
44. Qd1 Qd4+ 45. Kf1 Qd3+ 46. Kf2 Qxh3 47. b4 Qg3+ 48. Kf1 Qxf4+ 49. Kg2
h3+ 50. Kh1 Qe3 0-1

[Event "45th Capablanca Mem Open"]
[Site "Havana CUB"]
[Date "2010.06.20"]
[Round "10"]
[White "Bacallao Alonso,Y"]
[Black "Sanchez Alvarez,R"]
[Result "1/2-1/2"]
[WhiteElo "2500"]
[BlackElo "2330"]
[EventDate "2010.06.10"]

1. Nf3 Nf6 2. d4 d5 3. Bg5 Ne4 4. Bh4 c5 5. dxc5 Nc6 6. Nbd2 Qa5 7. c3 Qxc5
8. e3 Nxd2 9. Nxd2 g6 10. Nb3 Qd6 11. Qd2 Bf5 12. Nd4 Bg7 13. Nb5 Qd7 14.
Qxd5 O-O-O 15. Qxd7+ Rxd7 16. Nd4 Nxd4 17. cxd4 Rc7 18. Bb5 a6 19. Ba4 Bc2
20. Bxc2 Rxc2 21. O-O Kd7 22. Rab1 Rhc8 23. Rfd1 R8c6 24. a3 a5 25. Kf1 Rb6
26. b4 a4 27. b5 Rc3 28. Rb4 Rxa3 29. Rc1 Rb3 30. Rxa4 R3xb5 31. Rac4 Rc6
32. Rxc6 bxc6 33. Ra1 Rb7 34. Ra5 h5 35. Ke2 Bf6 36. Bxf6 exf6 37. h4 Kd6
1/2-1/2

[Event "45th Capablanca Mem Open"]
[Site "Havana CUB"]
[Date "2010.06.20"]
[Round "10"]
[White "Marrero Lopez,Yan"]
[Black "Alarcon Casellas,Rol"]
[Result "1/2-1/2"]
[WhiteElo "2316"]
[BlackElo "2410"]
[EventDate "2010.06.10"]

1. e4 c5 2. Nf3 e6 3. d4 cxd4 4. Nxd4 Nf6 5. Nc3 Bb4 6. e5 Nd5 7. Bd2 Bxc3
8. bxc3 O-O 9. c4 Ne7 10. Bd3 d6 11. exd6 Qxd6 12. Bc3 f5 13. O-O Nbc6 14.
Nxc6 Nxc6 15. f4 b6 16. Kh1 Qe7 17. Qh5 Qa3 18. Bd2 Bb7 19. Rae1 Rf6 20.
Re3 Rg6 21. Bxf5 Qxe3 22. Bxe3 exf5 23. Kg1 Na5 24. g3 Nxc4 25. Re1 Re8 26.
Bf2 Rxe1+ 27. Bxe1 Be4 28. Bb4 a5 29. Qd1 h6 30. Qd4 axb4 31. Qxc4+ Kh7 32.
Qxb4 Bxc2 33. Kf2 Be4 34. Ke3 Rc6 35. g4 Re6 36. gxf5 Bxf5+ 37. Kf2 Rf6 38.
a3 Kh8 39. Qe7 Bh7 40. Ke3 Bg8 41. Qd8 Rc6 42. Kd4 Rc4+ 43. Ke5 Rc5+ 44.
Kd4 Rc4+ 45. Ke5 Rc3 46. Qxb6 Rxa3 47. f5 Rb3 48. Qc6 Rb2 49. f6 Rxh2 50.
Qf3 Ra2 51. fxg7+ Kxg7 52. Qf6+ Kh7 53. Qe7+ Kg6 54. Qd6+ Kg7 55. Qf6+ Kh7
56. Qf5+ Kg7 1/2-1/2

[Event "45th Capablanca Mem Open"]
[Site "Havana CUB"]
[Date "2010.06.20"]
[Round "10"]
[White "Aguero Jimenez,L"]
[Black "Quesada Vera,L"]
[Result "1-0"]
[WhiteElo "2409"]
[BlackElo "2308"]
[EventDate "2010.06.10"]

1. Nf3 Nf6 2. g3 b5 3. Bg2 Bb7 4. Na3 a6 5. c4 b4 6. Nc2 e6 7. d4 Be7 8.
O-O a5 9. d5 Na6 10. e4 Nxe4 11. Ne5 exd5 12. cxd5 Nd6 13. Nd4 O-O 14. Bf4
Bf6 15. Re1 Re8 16. h4 g6 17. Rc1 Bg7 18. Nb3 Nb8 19. Qc2 Nb5 20. Qc4 Ba6
21. Nxf7 Nd6 22. Rxe8+ Qxe8 23. Nxd6 cxd6 24. Qc2 a4 25. Nd2 Bb5 26. Ne4
Na6 27. Nxd6 Qe2 28. Qc8+ Rxc8 29. Rxc8+ Bf8 30. Bh6 Qe7 31. Rxf8+ Qxf8 32.
Bxf8 Bd3 33. Bh6 1-0

[Event "45th Capablanca Mem Open"]
[Site "Havana CUB"]
[Date "2010.06.20"]
[Round "10"]
[White "Ostos,J"]
[Black "Olivera Medrano,J"]
[Result "1-0"]
[WhiteElo "2273"]
[BlackElo "2396"]
[EventDate "2010.06.10"]

1. e4 e5 2. Nf3 Nc6 3. Nc3 Nf6 4. Bb5 d6 5. d4 Bd7 6. O-O Be7 7. Bxc6 Bxc6
8. dxe5 Nxe4 9. Nxe4 Bxe4 10. exd6 Bxd6 11. Qe2 Qe7 12. Re1 f5 13. Ng5 O-O
14. f3 Qe5 15. g3 h6 16. Nh3 Bc5+ 17. Be3 Bxf3 18. Qxf3 Rae8 19. Bxc5 Qxc5+
20. Qf2 Qa5 21. Rxe8 Rxe8 22. Rf1 Re5 23. Nf4 Qxa2 24. Ng6 Rb5 25. b3 Qa3
26. g4 Qd6 27. gxf5 Kh7 28. Qg2 Qf6 29. Qe4 h5 30. h4 Rc5 31. Rf2 a5 32.
Qf3 Qd6 33. Qxh5+ Kg8 34. Nf4 Re5 35. Qg6 Re1+ 36. Kh2 Qd4 37. Qg3 Qa1 38.
Qg2 Qe5 39. Qd5+ 1-0

[Event "45th Capablanca Mem Open"]
[Site "Havana CUB"]
[Date "2010.06.20"]
[Round "10"]
[White "Castillo Coca,M"]
[Black "Juarez Flores,C"]
[Result "1-0"]
[WhiteElo "2106"]
[BlackElo "2374"]
[EventDate "2010.06.10"]

1. d4 d5 2. Nf3 c6 3. Bf4 Qb6 4. Qc1 Bf5 5. e3 e6 6. Nbd2 h6 7. c4 c5 8.
Be2 Nc6 9. dxc5 Bxc5 10. a3 d4 11. b4 dxe3 12. fxe3 Bxe3 13. c5 Bxd2+ 14.
Nxd2 Qd8 15. Nc4 Nd4 16. Nd6+ Kf8 17. Bd1 Ne7 18. Qb2 Nec6 19. b5 Qf6 20.
Ra2 Ne5 21. O-O Nd3 22. Qd2 Nxc5 23. Be3 Nxb5 24. Nxf5 exf5 25. Bxc5+ Kg8
26. Qd3 Nc3 27. Bd4 Rd8 28. Rd2 1-0

[Event "45th Capablanca Mem Open"]
[Site "Havana CUB"]
[Date "2010.06.20"]
[Round "10"]
[White "Mendez Fortes,E"]
[Black "Gonzalez Vidal,Y"]
[Result "1/2-1/2"]
[WhiteElo "2310"]
[BlackElo "2543"]
[EventDate "2010.06.10"]

1. e4 c6 2. d4 d5 3. Nd2 dxe4 4. Nxe4 Bf5 5. Ng3 Bg6 6. h4 h6 7. h5 Bh7 8.
Nf3 Nf6 9. Bd3 Bxd3 10. Qxd3 e6 11. Bf4 Bd6 12. Bxd6 Qxd6 13. O-O-O Nbd7
14. Kb1 O-O 15. c4 Rad8 16. Ne4 Nxe4 17. Qxe4 Nf6 18. Qe2 c5 19. dxc5 Qxc5
20. Ne5 Qa5 21. g4 Rxd1+ 22. Rxd1 Rd8 23. f4 Kf8 24. a3 Rxd1+ 25. Qxd1 Ke7
26. Ka2 Qc7 27. Qd4 a6 1/2-1/2

[Event "45th Capablanca Mem Open"]
[Site "Havana CUB"]
[Date "2010.06.20"]
[Round "10"]
[White "Fernandez Hernandez,A"]
[Black "Janssen,Ru"]
[Result "1-0"]
[WhiteElo "2303"]
[BlackElo "2524"]
[EventDate "2010.06.10"]

1. d4 Nf6 2. Nf3 e6 3. e3 b6 4. Bd3 Bb7 5. O-O d5 6. Ne5 Nbd7 7. f4 a6 8.
Nd2 Ne4 9. Nxe4 dxe4 10. Bc4 g6 11. Qg4 f5 12. Qe2 Nxe5 13. dxe5 Kf7 14.
Rd1 Qc8 15. a4 Bc6 16. c3 Be7 17. b4 Rd8 18. Rxd8 Bxd8 19. g4 fxg4 20. Qxg4
Bd5 21. Bf1 b5 22. Qd1 Bc6 23. Ra2 Be7 24. Rd2 Qb7 25. h4 bxa4 26. Bc4 Rg8
27. Kh1 Bb5 28. Ba2 Bd3 29. f5 gxf5 30. Qh5+ Rg6 31. Qxh7+ Rg7 32. Qh5+ 1-0

[Event "45th Capablanca Mem Open"]
[Site "Havana CUB"]
[Date "2010.06.20"]
[Round "10"]
[White "Pazos Gambarrotti,P"]
[Black "Vega,L"]
[Result "0-1"]
[WhiteElo "2296"]
[BlackElo "2357"]
[EventDate "2010.06.10"]

1. e4 c5 2. Nf3 Nc6 3. d4 cxd4 4. Nxd4 e5 5. Nb5 d6 6. N1c3 a6 7. Na3 Nf6
8. Bg5 Be6 9. Nc4 Rc8 10. Ne3 Be7 11. g3 O-O 12. Bg2 Nxe4 13. Nxe4 Bxg5 14.
Nxg5 Qxg5 15. Qxd6 Rfd8 16. Qa3 Nd4 17. O-O Nxc2 18. Nxc2 Rxc2 19. Be4 Rc7
20. Qa5 Rcd7 21. f4 Qh6 22. Qxe5 Rd2 23. h4 Bh3 24. b4 Bxf1 25. Kxf1 Qb6
26. Qc5 Qe6 27. Qf5 0-1

[Event "45th Capablanca Mem Open"]
[Site "Havana CUB"]
[Date "2010.06.20"]
[Round "10"]
[White "Morales Romero,R"]
[Black "Guerra Tulcan,L"]
[Result "1/2-1/2"]
[WhiteElo "2277"]
[BlackElo "2354"]
[EventDate "2010.06.10"]

1. d4 Nf6 2. Nf3 e6 3. c4 d5 4. Nc3 c6 5. cxd5 exd5 6. Bg5 Be7 7. Qc2 O-O
8. e3 Nbd7 9. Bd3 Re8 10. O-O Nf8 11. h3 g6 12. Rab1 Ne6 13. Bh4 a5 14. a3
Ng7 15. b4 axb4 16. axb4 Bf5 17. Bxf5 Nxf5 18. Bxf6 Bxf6 19. b5 Nd6 20.
bxc6 bxc6 21. Nd2 Rc8 1/2-1/2

[Event "45th Capablanca Mem Open"]
[Site "Havana CUB"]
[Date "2010.06.20"]
[Round "10"]
[White "Fuentes Dominguez,F"]
[Black "Mena Crespo,C"]
[Result "1-0"]
[WhiteElo "2253"]
[BlackElo "2337"]
[EventDate "2010.06.10"]

1. d4 Nf6 2. c4 g6 3. Nc3 Bg7 4. e4 d6 5. Nf3 O-O 6. Be2 Na6 7. O-O e5 8.
Be3 Ng4 9. Bg5 Qe8 10. h3 f6 11. Bd2 Nh6 12. d5 f5 13. Bd3 c6 14. Re1 fxe4
15. Bxe4 cxd5 16. Bxd5+ Kh8 17. Nd4 Nc5 18. Ndb5 Qd8 19. b4 Nd3 20. Bxh6
Nxe1 21. Bxg7+ Kxg7 22. Qxe1 a6 23. Na3 1-0

[Event "45th Capablanca Mem Open"]
[Site "Havana CUB"]
[Date "2010.06.20"]
[Round "10"]
[White "Pulvett,D"]
[Black "Pina Vega,S"]
[Result "1/2-1/2"]
[WhiteElo "2243"]
[BlackElo "2336"]
[EventDate "2010.06.10"]

1. d4 d6 2. c4 g6 3. Nc3 Bg7 4. Nf3 Nf6 5. e4 O-O 6. Be2 Nbd7 7. O-O e5 8.
Be3 Ng4 9. Bg5 f6 10. Bd2 Nh6 11. Qc2 Nf7 12. Rad1 c6 13. b4 Re8 14. Be3
Bh6 15. Bxh6 Nxh6 16. dxe5 dxe5 17. c5 Nf7 18. Bc4 Qe7 19. Rd6 Nf8 20. Rfd1
Kg7 21. Bxf7 Qxf7 22. Nh4 Ne6 23. Ne2 Nc7 24. Qd2 Be6 25. h3 Nb5 26. Rd3
Bc4 27. Rd7 Re7 28. Rxe7 Qxe7 29. Ng3 Nd4 30. f4 a5 31. Qb2 Be6 32. f5 Bc8
33. a3 axb4 34. axb4 Qf7 35. Rd2 b6 36. Nf3 bxc5 37. bxc5 Nxf3+ 38. gxf3
Qc4 39. Qc2 Ra1+ 40. Kg2 Rc1 41. Qxc4 Rxc4 42. h4 Rxc5 43. Rd8 Rc2+ 44. Kh3
Ba6 45. Rd7+ Kg8 46. Rd8+ Kf7 47. Rd7+ Kg8 48. h5 gxh5 49. Nxh5 Bc8 50. Kg4
Rg2+ 51. Kh4 Rh2+ 52. Kg4 Rg2+ 1/2-1/2

[Event "45th Capablanca Mem Open"]
[Site "Havana CUB"]
[Date "2010.06.20"]
[Round "10"]
[White "Campos Vila,M"]
[Black "Figueredo Losada,L"]
[Result "1-0"]
[WhiteElo "2178"]
[BlackElo "2335"]
[EventDate "2010.06.10"]

1. e4 c5 2. Nf3 d6 3. d4 cxd4 4. Nxd4 Nf6 5. Nc3 g6 6. g3 Bg7 7. Bg2 O-O 8.
O-O Bg4 9. Qd3 Nbd7 10. h3 Nc5 11. Qe3 Bc8 12. Rd1 Nfd7 13. Qe2 a6 14. Be3
Ne6 15. Nxe6 fxe6 16. Qc4 b5 17. Qxe6+ 1-0

[Event "45th Capablanca Mem Open"]
[Site "Havana CUB"]
[Date "2010.06.20"]
[Round "10"]
[White "Miranda Llanes,Y"]
[Black "Alonso Bouza,Julio"]
[Result "0-1"]
[WhiteElo "2170"]
[BlackElo "2268"]
[EventDate "2010.06.10"]

1. d4 Nf6 2. c4 c5 3. d5 b5 4. cxb5 a6 5. b6 e6 6. Nc3 Nxd5 7. Nxd5 exd5 8.
Qxd5 Nc6 9. e4 Be7 10. Bc4 O-O 11. Nf3 Bb7 12. Qd3 Nb4 13. Qe2 d5 14. exd5
Nxd5 15. O-O Nxb6 16. Bd3 Re8 17. Re1 c4 18. Bf5 Bc5 19. Be3 Bxe3 20. fxe3
Qf6 21. Nd4 Rad8 22. Qf2 g6 23. Bg4 Qg5 24. Bf3 Be4 25. Rad1 Na4 26. h4 Qf6
27. Bxe4 Qxf2+ 28. Kxf2 Rxe4 29. b3 Nb2 30. Kf3 Rxh4 31. Rd2 Nd3 32. Ree2
Ne5+ 33. Kg3 Re4 34. Rc2 cxb3 35. axb3 Ng4 36. Kf3 Rde8 37. Rc3 h5 38. Nc2
a5 39. Rd2 R4e5 40. Rd4 g5 41. b4 axb4 42. Rxb4 Rf5+ 43. Kg3 Nf2 44. Rcc4
h4+ 45. Kh2 Nd3 46. Rb6 Ne5 47. Re4 Rf2 48. Nd4 Nf3+ 49. Nxf3 Rxe4 50. Kg1
Ra2 51. Nxg5 Rg4 0-1

[Event "45th Capablanca Mem Open"]
[Site "Havana CUB"]
[Date "2010.06.20"]
[Round "10"]
[White "Arias,Le"]
[Black "Frometa Castillo,Z"]
[Result "1/2-1/2"]
[WhiteElo "2355"]
[BlackElo "2109"]
[EventDate "2010.06.10"]

1. e4 c6 2. d4 g6 3. Nf3 Bg7 4. Bd3 d5 5. Nbd2 Bg4 6. c3 Nf6 7. h3 Bxf3 8.
Qxf3 dxe4 9. Nxe4 Nxe4 10. Bxe4 Nd7 11. O-O O-O 12. Re1 e6 13. Bf4 Nb6 14.
Rad1 Nd5 1/2-1/2

[Event "45th Capablanca Mem Open"]
[Site "Havana CUB"]
[Date "2010.06.20"]
[Round "10"]
[White "Rodriguez Garcia,V"]
[Black "Llaudy Pupo,L"]
[Result "1/2-1/2"]
[WhiteElo "2377"]
[BlackElo "2224"]
[EventDate "2010.06.10"]

1. e4 Nf6 2. e5 Nd5 3. d4 d6 4. Nf3 Bg4 5. Be2 c6 6. O-O Bxf3 7. Bxf3 dxe5
8. dxe5 e6 9. Qe2 Nd7 10. Re1 Qc7 1/2-1/2

[Event "45th Capablanca Mem Open"]
[Site "Havana CUB"]
[Date "2010.06.20"]
[Round "10"]
[White "Cancio Bello Ayes,F"]
[Black "Olivares Canelles,Francisco"]
[Result "1-0"]
[WhiteElo "2075"]
[BlackElo "2328"]
[EventDate "2010.06.10"]

1. e4 e5 2. Nf3 Nf6 3. Nxe5 d6 4. Nf3 Nxe4 5. Nc3 Nxc3 6. dxc3 Be7 7. Be3
O-O 8. Qd2 Nd7 9. O-O-O Nc5 10. Bxc5 dxc5 11. Qe3 Bd6 12. Bd3 Re8 13. Qd2
Qf6 14. Rde1 Rxe1+ 15. Qxe1 Bg4 16. Qe4 Qf4+ 17. Kb1 Qxe4 18. Bxe4 c6 19.
h3 Bh5 20. g4 Bg6 21. Ng5 h6 22. Bxg6 hxg5 23. Bd3 Re8 24. Kc1 g6 25. Kd1
Kg7 26. a3 Rh8 27. Ke2 Kf6 28. Kf3 Be5 29. Kg2 b5 30. Be4 Rc8 31. Rd1 a5
32. Rd7 a4 33. Ra7 Ke6 34. Rb7 c4 35. Ra7 Bf4 36. Ra6 Kd6 37. Ra7 Bc1 38.
b3 cxb3 39. cxb3 axb3 40. Rxf7 Bxa3 41. Bxg6 c5 42. Rf6+ Ke7 43. Rf7+ Kd6
44. f4 gxf4 45. Rxf4 b4 46. c4 Bb2 47. h4 Be5 48. Rf1 b2 49. Rd1+ Ke7 50.
Re1 Kf6 51. Be4 Rd8 52. g5+ Kg7 53. h5 Rd2+ 54. Kf3 Rh2 55. h6+ Kf8 56. Bg6
Rh3+ 57. Kg4 Rg3+ 58. Kh4 1-0

[Event "45th Capablanca Mem Open"]
[Site "Havana CUB"]
[Date "2010.06.20"]
[Round "10"]
[White "Hernandez Fernandez,Ra"]
[Black "Vigoa Apecheche,Yan"]
[Result "1/2-1/2"]
[WhiteElo "2301"]
[BlackElo "2302"]
[EventDate "2010.06.10"]

1. e4 c5 2. Nf3 Nc6 3. d4 cxd4 4. Nxd4 Nf6 5. Nc3 e5 6. Ndb5 d6 7. Bg5 a6
8. Na3 Be6 9. Nc4 Rc8 10. Ne3 Be7 11. Be2 O-O 12. Bxf6 Bxf6 13. O-O Bg5 14.
Ncd5 g6 15. c3 Kh8 16. Qd3 f5 17. Bf3 f4 18. Nc4 Ne7 19. Nd2 Nxd5 20. exd5
Bf5 21. Be4 Bh6 22. Rfe1 Rc7 23. c4 Qc8 24. f3 Bg5 25. b4 b6 26. Rac1 Bd7
27. Bxg6 Bh4 28. Re2 hxg6 29. Qxg6 Be7 30. Ne4 Rxc4 31. Rce1 Rxe4 1/2-1/2

[Event "45th Capablanca Mem Open"]
[Site "Havana CUB"]
[Date "2010.06.20"]
[Round "10"]
[White "Arribas Robaina,M"]
[Black "Infante,M"]
[Result "1/2-1/2"]
[WhiteElo "2326"]
[BlackElo "2277"]
[EventDate "2010.06.10"]

1. e4 e5 2. Nf3 Nc6 3. Bb5 a6 4. Ba4 Nf6 5. O-O Be7 6. Re1 b5 7. Bb3 d6 8.
c3 O-O 9. h3 Na5 10. Bc2 c5 11. d4 Nd7 12. Nbd2 exd4 13. cxd4 Nc6 14. Nf1
Re8 15. Be3 Bb7 16. Rc1 Bf8 17. Bb1 Rc8 18. Bg5 Be7 19. Bxe7 Nxe7 20. Ne3
Nf6 21. e5 dxe5 22. dxc5 e4 23. Nd4 g6 24. b4 Qc7 25. Qb3 Qe5 26. Ne2 Nc6
27. Red1 Rcd8 28. a3 Bc8 29. Rxd8 Rxd8 30. Rd1 Rxd1+ 31. Qxd1 a5 32. Qb3
Be6 33. Qc3 Qxc3 34. Nxc3 axb4 35. axb4 Nxb4 36. Nxb5 Nd7 1/2-1/2

[Event "45th Capablanca Mem Open"]
[Site "Havana CUB"]
[Date "2010.06.20"]
[Round "10"]
[White "Perez Perez,O"]
[Black "Lorenzana,W"]
[Result "0-1"]
[WhiteElo "2318"]
[BlackElo "2218"]
[EventDate "2010.06.10"]

1. e4 c5 2. Nf3 e6 3. b3 b6 4. d4 cxd4 5. Nxd4 Bb7 6. Bd3 Nc6 7. Nxc6 Bxc6
8. Bb2 Nf6 9. Nd2 d6 10. O-O Be7 11. Qe2 O-O 12. f4 b5 13. Kh1 Qb8 14. c4
a6 15. e5 dxe5 16. fxe5 Nd7 17. Rf4 Nxe5 18. Bc2 Qb7 19. Raf1 g6 20. Qf2
Rad8 21. Bd4 Bg5 22. Rg4 Bh6 23. Be3 Bxe3 24. Qxe3 Qd7 25. Nf3 Bxf3 26.
Qxf3 Qd2 27. cxb5 axb5 28. Qf2 Qc3 29. b4 Nd7 30. Rg3 Qxb4 31. Rd3 Ne5 32.
Rxd8 Rxd8 33. Qf6 Qd6 34. h4 Qc7 35. Rf4 Rd2 36. Bb3 Qd6 37. h5 gxh5 38.
Qg5+ Ng6 39. Rf1 Rd4 40. g3 h4 41. Qxb5 Ne5 42. Re1 Nf3 43. Qe8+ Kg7 44.
Bxe6 fxe6 45. Rxe6 Rd1+ 46. Kg2 Qxg3+ 0-1

[Event "45th Capablanca Mem Open"]
[Site "Havana CUB"]
[Date "2010.06.20"]
[Round "10"]
[White "Lemes Rosales,Lazaro"]
[Black "Flaquer,L"]
[Result "1/2-1/2"]
[WhiteElo "2214"]
[BlackElo "2316"]
[EventDate "2010.06.10"]

1. e4 c5 2. Nf3 Nc6 3. d4 cxd4 4. Nxd4 e5 5. Nb5 d6 6. N1c3 a6 7. Na3 b5 8.
Nd5 Nce7 9. c4 Nxd5 10. exd5 bxc4 11. Bxc4 Be7 12. O-O Nf6 13. h3 O-O 14.
Be3 1/2-1/2

[Event "45th Capablanca Mem Open"]
[Site "Havana CUB"]
[Date "2010.06.20"]
[Round "10"]
[White "Hernandez Moya,Y"]
[Black "Gil Suarez,J"]
[Result "1/2-1/2"]
[WhiteElo "2181"]
[BlackElo "1752"]
[EventDate "2010.06.10"]

1. d4 d5 2. Nf3 Nf6 3. Bf4 Bf5 4. c3 c6 5. Qb3 Qb6 6. Qxb6 axb6 7. e3 e6 8.
Be2 Be7 9. Nbd2 Nbd7 10. O-O O-O 11. h3 h6 12. g4 1/2-1/2

[Event "45th Capablanca Mem Open"]
[Site "Havana CUB"]
[Date "2010.06.20"]
[Round "10"]
[White "Lebredo Zaragoitia,G"]
[Black "Fleites Marti,Y"]
[Result "1/2-1/2"]
[WhiteElo "2262"]
[BlackElo "2168"]
[EventDate "2010.06.10"]

1. d4 d5 2. c4 c6 3. Nc3 Nf6 4. e3 e6 5. Bd3 Nbd7 6. a3 dxc4 7. Bxc4 Bd6 8.
Nf3 O-O 9. O-O b5 10. Bd3 Bb7 11. Bd2 Qe7 12. Ng5 h6 13. Nge4 Nxe4 14. Nxe4
c5 15. Nxd6 Qxd6 16. Bxb5 cxd4 17. Bxd7 Qxd7 18. exd4 Qxd4 19. Bc3 1/2-1/2

[Event "45th Capablanca Mem Open"]
[Site "Havana CUB"]
[Date "2010.06.20"]
[Round "10"]
[White "Zavarce,Oscar Enrique"]
[Black "Llorente,J"]
[Result "0-1"]
[WhiteElo "2124"]
[BlackElo "2295"]
[EventDate "2010.06.10"]

1. e4 e6 2. Nf3 d5 3. e5 c5 4. b4 cxb4 5. d4 Nc6 6. a3 Bd7 7. axb4 Bxb4+ 8.
c3 Be7 9. Bd3 a6 10. O-O Rc8 11. Ne1 Na7 12. f4 g6 13. g4 Bb5 14. f5 Bxd3
15. Nxd3 Nb5 16. fxe6 fxe6 17. Qf3 Kd7 18. Qf7 Qf8 19. Nc5+ Rxc5 20. dxc5
Qxf7 21. Rxf7 Ke8 22. Rf3 Bxc5+ 23. Kg2 h5 24. g5 Rh7 25. Na3 Na7 26. Nc2
Nc6 27. Ba3 Bxa3 28. Nxa3 Nge7 29. Rf6 Kd7 30. Re1 Rg7 31. c4 dxc4 32. Nxc4
Nd5 33. Rf3 Ke7 34. Nd2 Rg8 35. Rb3 b5 36. Ne4 b4 37. Nf6 Rd8 38. Rb2 Nf4+
39. Kg3 Nd3 40. Rc2 Nxe1 41. Rxc6 Ra8 42. Rc7+ Kd8 43. Rf7 Rb8 44. Ne4 Nd3
45. Ra7 Rb6 46. Nd2 b3 47. Kf3 b2 48. Nb1 Nxe5+ 49. Ke4 Nc6 50. Rg7 Rb4+
51. Kd3 Ne7 52. Kc3 a5 53. Rh7 Kd7 54. Rh8 Nd5+ 55. Kc2 a4 56. Rg8 Ne7 57.
Ra8 e5 58. Nc3 Ke6 59. Rc8 Rb7 60. Ra8 Nd5 0-1

[Event "45th Capablanca Mem Open"]
[Site "Havana CUB"]
[Date "2010.06.20"]
[Round "10"]
[White "Osorio,F"]
[Black "Zepeda,S"]
[Result "1-0"]
[WhiteElo "2232"]
[BlackElo "2107"]
[EventDate "2010.06.10"]

1. e4 c5 2. Nc3 Nc6 3. g3 d6 4. Bg2 g6 5. d3 Bg7 6. Be3 e5 7. Qd2 Be6 8.
Nce2 Qd7 9. c3 Nge7 10. Bh6 O-O 11. h4 f5 12. h5 Nc8 13. hxg6 hxg6 14. Nf3
Re8 15. Bxg7 Qxg7 16. Ng5 Qf6 17. Nxe6 Qxe6 18. exf5 Qxf5 19. Bd5+ Kg7 20.
Qh6+ Kf6 21. Qh7 Rf8 22. Be4 Qg5 23. f4 exf4 24. gxf4 Qg4 25. Rg1 Qxg1+ 26.
Nxg1 N8e7 27. Qh4+ Kg7 28. O-O-O d5 29. Bg2 Nf5 30. Qf2 d4 31. Be4 Rf7 32.
Nf3 Rh8 33. Rg1 Rh6 34. Qg2 Rf6 35. Bxf5 Rxf5 36. Ne5 1-0

[Event "45th Capablanca Mem Open"]
[Site "Havana CUB"]
[Date "2010.06.20"]
[Round "10"]
[White "Zepeda,L"]
[Black "Guillen Ramirez,J"]
[Result "1/2-1/2"]
[WhiteElo "2152"]
[BlackElo "2223"]
[EventDate "2010.06.10"]

1. e4 c5 2. Nf3 e6 3. d4 cxd4 4. Nxd4 Nf6 5. Nc3 Nc6 6. Ndb5 Bb4 7. a3
Bxc3+ 8. Nxc3 d5 9. exd5 exd5 10. Bd3 O-O 11. O-O d4 12. Ne2 Bg4 13. Bg5
Qd6 14. Qd2 Rfe8 1/2-1/2

[Event "45th Capablanca Mem Open"]
[Site "Havana CUB"]
[Date "2010.06.20"]
[Round "10"]
[White "Rincon Gonzalez,Li"]
[Black "Romero Nunez,Wendy"]
[Result "1-0"]
[WhiteElo "1847"]
[BlackElo "2125"]
[EventDate "2010.06.10"]

1. e4 c5 2. Nf3 e6 3. d3 Nc6 4. g3 d6 5. Bg2 Nf6 6. O-O g6 7. c3 e5 8. a3
Bg7 9. Nbd2 O-O 10. Re1 h6 11. b4 Nh5 12. Nb3 b6 13. b5 Ne7 14. Rb1 Rb8 15.
Bb2 Qe8 16. a4 f5 17. Nbd2 Qf7 18. Qc2 f4 19. d4 g5 20. dxe5 dxe5 21. Bf1
Be6 22. c4 Ng6 23. Red1 Rbd8 24. Bd3 Bh3 25. Bf1 Qe6 26. Kh1 fxg3 27. fxg3
Bxf1 28. Nxf1 Rxd1 29. Qxd1 Qxc4 30. N3d2 Rxf1+ 31. Qxf1 Qxa4 32. Qd3 Nf6
33. Ra1 Qb4 34. Bc3 c4 35. Bxb4 cxd3 36. Rxa7 Nf8 37. Ra3 N8d7 38. Rxd3 Bf8
39. Bxf8 Kxf8 40. Kg2 Ke7 41. Kf3 h5 42. Ke3 Ng4+ 43. Ke2 Nxh2 44. Nc4 Ng4
45. Rd6 Ngf6 46. Kf3 h4 47. gxh4 gxh4 48. Rc6 h3 49. Nxb6 h2 50. Kg2 Nxe4
51. Nd5+ Kd8 52. b6 Nec5 53. Kxh2 Nb7 54. Rh6 Ndc5 55. Rh7 Nd6 56. Kg3
Nce4+ 57. Kg4 Kc8 58. Re7 Nf2+ 59. Kf3 Nd3 60. Rc7+ Kb8 61. Ne7 e4+ 62. Ke3
Ne5 63. Nc6+ Nxc6 64. Rxc6 Nc8 65. Kd4 Ne7 66. Re6 Nc8 67. Kc5 Kb7 68. Rxe4
1-0

[Event "45th Capablanca Mem Open"]
[Site "Havana CUB"]
[Date "2010.06.20"]
[Round "10"]
[White "Rincon Gonzalez,Lu"]
[Black "Herrera Sosa,J"]
[Result "1/2-1/2"]
[WhiteElo "1900"]
[BlackElo "1971"]
[EventDate "2010.06.10"]

1. e4 e5 2. Nf3 Nc6 3. Bb5 a6 4. Ba4 Nf6 5. Qe2 b5 6. Bb3 Be7 7. O-O O-O 8.
c3 d6 9. Rd1 Na5 10. Bc2 c5 1/2-1/2